LEADER 01092cam0-2200385---450 001 990001612620403321 005 20180517112256.0 035 $a000161262 035 $aFED01000161262 035 $a(Aleph)000161262FED01 100 $a20030910d1946----km-y0itay50------ba 101 0 $aita 102 $aIT 105 $ay-------001yy 200 1 $a<>sistema costituzionale giapponese$fa cura di Francesco Valori 210 $aFirenze$cG. C. Sansoni$d1946 215 $a162 p.$d18 cm 225 1 $aTesti e documenti costituzionali$v32 610 0 $aCostituzioni politiche$aGiappone 676 $a342.02$v19$zita 676 $a342.5$v22$zita 702 1$aValori,$bFrancesco 801 0$aIT$bUNINA$gRICA$2UNIMARC 901 $aBK 912 $a990001612620403321 952 $a342.5 VAL 1$bBibl. 25337$fFLFBC 952 $aDP XXXVIII-77$b24288$fDEC 952 $a60 342 C 4$b39072$fFAGBC 952 $aVI L 213$b203 p)$fDDA 959 $aDEC 959 $aFAGBC 959 $aDDA 959 $aFLFBC 996 $aSistema costituzionale giapponese$91506313 997 $aUNINA LEADER 00598nam a2200181 u 4500 001 991004280936607536 005 20230621110243.0 008 230621s1938 it r 001 0 ita 040 $aBibl. Dip.le Aggr. Studi Umanistici - Sez. Filologia Classica$bita 082 0 $a184 100 1 $aPlato$0292329 245 13$aIl Fedone /$cPlatone ; con note e introduzione di Manara Valgimigli 260 $aPalermo :$bSandron,$c1929 300 $aLXXVIII, 234 p. ;$c21 cm. 700 1 $aValgimigli, Manara 912 $a991004280936607536 996 $aCollection des Universités de France$913158 997 $aUNISALENTO LEADER 01112nam0-22003371i-450 001 990004857670403321 005 20250217125852.0 010 $a88-7062-520-6 035 $a000485767 035 $aFED01000485767 035 $a(Aleph)000485767FED01 100 $a19990604e19551981km-y0itay50------ba 101 0 $aita 102 $aIT 105 $ay-------001yy 200 1 $a<>fenomeno associativo nel mondo romano$edai collegi della Repubblica alle corporazioni del Basso Impero$fFrancesco M. de Robertis 210 $aNapoli$cLibr. Scientifica$d1955 215 $aXI, 262 p.$d25 cm 324 $aRistampa anastatica dell'edizione del 1955 700 1$aDe Robertis,$bFrancesco M.$0187089 801 0$aIT$bUNINA$gRICA$2UNIMARC 901 $aBK 912 $a990004857670403321 952 $aFONDO PROFESSOR ANTONIO GUARINO IV H 107$bG/2746$fFGBC 952 $aXII G 25$bBibl. 29071$fFLFBC 952 $aDirez. D-109$b695 ddr$fDDR$m21-11216 952 $aDDR-DeMartino-Dero-014$fDDR 959 $aFGBC 959 $aFLFBC 996 $aFenomeno associativo nel mondo romano$9521157 997 $aUNINA